NBA Chain Quiz #1 - Statistics

General Stats
  • This quiz has been taken 14,195 times
  • The average score is 11 of 20
Answer Stats
# Hint Answer % Correct
1 The 2019 NBA Champions Toronto Raptors
100%
2 With their NBA Finals MVP Kawhi Leonard
99%
3 Which has signed a contract with this team after the title Los Angeles Clippers
90%
4 Whose head coach is Doc Rivers
72%
5 Who was champion in the year 2008
66%
7 Drafted by the Chicago Bulls
57%
6 The number one pick this year is this MVP Derrick Rose
57%
8 This team also selected quite a good player in 1984 called Michael Jordan
57%
9 Who is this many time champion 6
56%
10 Apart from the 60s Celtics, one player beat this record with 7 titles Robert Horry
50%
11 Who won his last title with the San Antonio Spurs
49%
12 Whose first NBA Finals MVP was Tim Duncan
48%
13 Who went to this college Wake Forest
45%
14 Same college as this Point Guard drafted in the 2000s Chris Paul
43%
15 This player who was part of the trade with this other major player in 2019 Russell Westbrook
40%
16 Who is a Triple-Double expert like was this player in the 60s Oscar Robertson
39%
17 Who is a legend for this team Cincinnati Royals
36%
19 Whose last MVP was Giannis Antetokounmpo
36%
18 But Big O has finaly won a title with this team Milwaukee Bucks
36%
20 The same year this team won the championship Toronto Raptors
33%
No matching quizzes found
Score Distribution
Percent of People with Each Score
Percentile by Number Answered
Your Score History
You have not taken this quiz